| АИС "Историко-культурное наследие Беларуси" | ||
| Базовый | Расширенный | Профессиональный | Словарь персоналий | Тематический словарь | По видам объектов | История запросов Заказы | Регистрация | |
Запись в MARC-формате
| копировать MARC-запись |
=LDR 00000nx\\c2200241\\\45\\
=001 BY-NLB-ar2241292
=005 20160330095627.8
=100 \\$a20060123arusy50\\\\\\ca0
=152 \\$apsbo
=160 \\$ae-bw
=215 \\$aЦерковь во имя святителя Николая Чудотворца (Озяты, деревня; Жабинковский район)
=300 1\$aПамятник народного зодчества. Построена в 1870 г. из дерева в псевдорусском стиле.
=356 \\$aНаходится на северо-западной окраине д. Озяты Жабинковского района Брестской области.
=415 \\$aНиколаевская церковь (Озяты, деревня; Жабинковский район)
=415 \\$aСвято-Николаевская церковь (Озяты, деревня; Жабинковский район)
=515 \\$5w$3BY-NLB-ar2241369$aЦарква ў імя свяціцеля Мікалая Цудатворца (Азяты, вёска; Жабінкаўскі раён)
=801 \2$aBY$bBY-HM0000$c20110418
=801 \0$aBY$bBY-HM0000$c20060123
=810 \\$aПраваслаўныя храмы Беларусі : энцыклапедычны даведнік / А. М. Кулагін. — Мінск, 2007.
=810 \\$aПраваслаўныя храмы на Беларусі : энцыклапедычны даведнік / А. М. Кулагін. — Мінск, 2001.
=810 \\$aЗбор помнікаў гісторыі і культуры Беларусі. Брэсцкая вобласць. — Мінск, 1984.
=999 \\$g1848$t20110418
=999 \\$f449$t20060123
Чтобы вернуться назад, щелкните кнопку BACK на Вашем браузере